00803nam a2200217Ii 45000010005000000030009000050080041000140400033000550410008000880820017000961000034001132450065001472640077002123000012002893360026003013370028003273380027003559400050003829990017004329520136004494380CO-ViMGA241108s9999||||xx |||||||||||||| ||und|| aCO-ViMGAbspaerdacCO-ViMGA0 aspa04a572.986 LL361 aHéctor Llanos Vargas94768810aLos Caciquez de Popayán a la llegada de los conquistadores 1aBogotá, Colombia : Litografía Industrial Continental Gráfica, 1981 avolumen atextbtxt2rdacontent aunmediatedbn2rdamedia avolumebnc2rdacarrier aidficha_siabuc: 4279. -- ficha_no_siabuc:4380 c42291d42291 001040708001aMEVIGERRbMEVIGERRcGENd2006-11-27o572.986 LL36pECA3248r2024-11-26 09:06:17tEj.1w2024-11-26yBKz4279 | 6281